أبو سفيان بن الحارث / (رقم التسجيلة. 92019)

تفاصيل مارك
000 -LEADER
fixed length control field 00632nam a22001937a 4500
005 - DATE AND TIME OF LATEST TRANSACTION
control field 20251108172927.0
008 - FIXED-LENGTH DATA ELEMENTS--GENERAL INFORMATION
fixed length control field 250721s9999 xx 000 0 ara d
082 14 - DEWEY DECIMAL CLASSIFICATION NUMBER
Classification number ط/922.1/حاض
100 1# - MAIN ENTRY--PERSONAL NAME
Personal name حاضري، بدر الدين
Relator term comp.
245 10 - TITLE STATEMENT
Title أبو سفيان بن الحارث /
264 1# - PRODUCTION, PUBLICATION, DISTRIBUTION, MANUFACTURE, AND COPYRIGHT NOTICE
Place of production, publication, distribution, manufacture حلب :
Name of producer, publisher, distributor, manufacturer دار ربيع للنشر،
300 ## - PHYSICAL DESCRIPTION
Extent 16ص.
490 0# - SERIES STATEMENT
Series statement شمس الهدى والإيمان - المبشرون بالجنة
Volume/sequential designation 10
650 17 - SUBJECT ADDED ENTRY--TOPICAL TERM
Topical term or geographic name as entry element السيرة النبوية
650 17 - SUBJECT ADDED ENTRY--TOPICAL TERM
Topical term or geographic name as entry element الصحابة
653 ## - INDEX TERM--UNCONTROLLED
Uncontrolled term اطفال مرحلة متوسطة (6-9) سنوات
942 ## - ADDED ENTRY ELEMENTS (KOHA)
Source of classification or shelving scheme Dewey Decimal Classification
Koha item type كتب
المقتنيات
حالة السحب حالة الفقدان مصدر التصنيف حالة التلف غير قابل للإعارة المكتبة الرئيسية المكتبة الحالية موقع الرف تاريخ التزويد الرقم المتسلسل Total Checkouts رقم الإستدعاء الباركود تاريخ آخر ظهور تاريخ الفاتورة نوع المادة (كوها)
    Dewey Decimal Classification     مكتبة الأميرة ايمان العامة مكتبة الأميرة ايمان العامة الأطفال 21/12/2013 2728]   ط/922.1/حاض PLD00290858 28/07/2025 21/12/2013 كتب
    Dewey Decimal Classification     مكتبة الحسن العامة مكتبة الحسن العامة الأطفال 03/05/2019 [44920]   ط/922.1/حاض PLD00452274 28/07/2025 03/05/2019 كتب
    Dewey Decimal Classification     مكتبة النصر العامة مكتبة النصر العامة الأطفال 17/05/2015 [ 5318 ]   ط/922.1/حاض PLD00389247 28/07/2025 17/05/2015 كتب
    Dewey Decimal Classification     مكتبة وادي السير العامة مكتبة وادي السير العامة الأطفال 22/11/2015 [2864].   ط/922.1/حاض PLD00365986 28/07/2025 22/11/2015 كتب
    Dewey Decimal Classification     مكتبةمؤتة مكتبةمؤتة الأطفال 27/06/2014 ( 1459 )   ط/922.1/حاض PLD00331308 28/07/2025 27/06/2014 كتب
Implemented & Customized by: BBB with SCIT (Smart Chains for Information Technology)

Powered by Koha